Wirtschaft und Recht ein Beitrag zur Theorie der secundären wirtschaftlichen Erscheinungen /

Elmentve itt :
Bibliográfiai részletek
Szerző: Navratil Ákos
Dokumentumtípus: Cikk
Megjelent: 1906
Sorozat:Kolligátum
Kulcsszavak:Gazdasági jog, Jogtudomány
Online Access:http://misc.bibl.u-szeged.hu/22446
LEADER 00599nab a2200169 i 4500
001 misc22446
005 20191108150445.0
008 170825s1906 hu o 0|| zxx d
040 |a SZTE Miscellanea Repozitórium  |b hun 
041 |a zxx 
100 1 |a Navratil Ákos 
245 1 0 |a Wirtschaft und Recht   |h [elektronikus dokumentum] :  |b ein Beitrag zur Theorie der secundären wirtschaftlichen Erscheinungen /  |c  Navratil Ákos 
260 |c 1906 
300 |a 1-65 
490 0 |a Kolligátum 
695 |a Gazdasági jog, Jogtudomány 
856 4 0 |u http://misc.bibl.u-szeged.hu/22446/1/10198_001-065.pdf  |z Dokumentum-elérés